| 000 | 00632nam a2200217 i 4500 | ||
|---|---|---|---|
| 001 | 19071 | ||
| 003 | ES-MaACL | ||
| 005 | 20230906152006.0 | ||
| 007 | t| | ||
| 008 | 020603s1992 sp ||||1| spa d | ||
| 020 | _a84-85238-70-2 | ||
| 080 | _a298.8 | ||
| 245 | 0 | 0 |
_aBahá'u'lláh / _c[traducido por Concepción Cuevas y Fernando García]. |
| 250 | _a1ª ed. | ||
| 260 |
_aTarrassa, Barcelona : _bBahá'i de España, _c1992. |
||
| 300 |
_a71 p. : _bil. ; _c22 cm. |
||
| 650 | 1 | 4 |
_aBahaísmo. _910474 |
| 700 | 1 |
_aCuevas, Concepción. _942095 |
|
| 700 | 1 |
_aGarcía, Fernando. _954021 |
|
| 852 |
_aES-MaACL _j2168-F-19 _bR.121581 |
||
| 999 |
_c19071 _d19071 |
||